[Event "Gashimov Memorial"]
[Site "Shamkir AZE"]
[Date "2016.05.27"]
[EventDate "2016.05.26"]
[Round "2"]
[Result "1-0"]
[White "Anish Giri"]
[Black "Sergey Karjakin"]
[WhiteElo "2790"]
[BlackElo "2779"]
[PlyCount "135"]

1. g3 c5 2. Bg2 Nc6 3. c4 g6 4. Nc3 Bg7 5. a3 d6 6. Rb1 a5
7. d3 e5 8. e4 h5 9. h4 Bh6 10. Bh3 Bxc1 11. Rxc1 Nf6 12. Bxc8
Rxc8 13. Nge2 O-O 14. O-O Qd7 15. Kg2 Kg7 16. f3 Nd4 17. Rf2
b6 18. a4 Rb8 19. b3 Rb7 20. Rb1 Rbb8 21. Qd2 Rbe8 22. Qb2 Qb7
23. Rbf1 Ng8 24. Nd5 Ne7 25. Nxd4 exd4 26. Nf4 Qd7 27. Re2 Nc6
28. Qd2 Nb4 29. Rfe1 Re5 30. Nh3 Re7 31. f4 f6 32. Qd1 Rh8
33. Kh2 Qg4 34. Kg2 Rhe8 35. f5 gxf5 36. Nf2 Qg6 37. exf5 Rxe2
38. fxg6 Rxe1 39. Qxh5 Rh8 40. Qf3 Re3 41. Qg4 Re5 42. Qd7+
Kxg6 43. Ne4 Nxd3 44. Qg4+ Kh6 45. Nxd6 Rf8 46. Nf5+ Rxf5
47. Qxf5 Ne5 48. Qe6 d3 49. Qxb6 Rf7 50. Qxa5 Rd7 51. Qd2+ Kg7
52. a5 Nc6 53. a6 Kf7 54. h5 Nb4 55. h6 Kg6 56. Qf4 Rd4 57. h7
Rxf4 58. h8=Q d2 59. Qe8+ Kh6 60. Qh8+ Kg6 61. Qe8+ Kh6
62. Qe2 Rd4 63. a7 d1=Q 64. Qxd1 Rxd1 65. a8=Q Rd2+ 66. Kf3
Rd3+ 67. Kf4 Rxb3 68. Ke4 1-0

[Event "Eurasian Blitz Chess Cup"]
[Site "Almaty KAZ"]
[Date "2016.06.18"]
[EventDate "2016.06.18"]
[Round "1.3"]
[Result "1-0"]
[White "Sergey Karjakin"]
[Black "Evgeniy Pak"]
[WhiteElo "2774"]
[BlackElo "2401"]
[PlyCount "79"]

1. d4 Nf6 2. Bf4 g6 3. Nc3 d5 4. e3 Bg7 5. h4 Nbd7 6. Nb5 O-O
7. Bxc7 Qe8 8. Bh2 Qd8 9. Nf3 a6 10. Nc3 Qa5 11. Nd2 b5 12. a3
Bb7 13. Be2 Rfe8 14. h5 Ne4 15. hxg6 hxg6 16. Ncxe4 dxe4
17. O-O Rac8 18. b4 Qb6 19. Nb3 Nf6 20. Nc5 Nd5 21. Qd2 Ba8
22. c4 Nf6 23. Rac1 Red8 24. a4 bxc4 25. a5 Qa7 26. Bxc4 Nd5
27. Qa2 e6 28. Qb3 Bb7 29. Rc2 Qa8 30. Rfc1 Rc6 31. Nxe4 Rdc8
32. Nd6 Rd8 33. Nxb7 Qxb7 34. Bxd5 Rxc2 35. Rxc2 Rxd5 36. Qc4
Rb5 37. Qc8+ Qxc8 38. Rxc8+ Kh7 39. Bd6 g5 40. Rc6 1-0

[Event "Eurasian Blitz Chess Cup"]
[Site "Almaty KAZ"]
[Date "2016.06.18"]
[EventDate "2016.06.18"]
[Round "3.1"]
[Result "1/2-1/2"]
[White "Alexander Moiseenko"]
[Black "Sergey Karjakin"]
[WhiteElo "2648"]
[BlackElo "2774"]
[PlyCount "102"]

1. d4 Nf6 2. c4 e6 3. Nc3 Bb4 4. g3 d5 5. Bg2 O-O 6. a3 Be7
7. Nf3 dxc4 8. Ne5 Nc6 9. Bxc6 bxc6 10. Nxc6 Qe8 11. Nxe7+
Qxe7 12. Qa4 c5 13. Qxc4 cxd4 14. Qxd4 e5 15. Qh4 Qe6 16. O-O
Bb7 17. Bg5 Nd5 18. Nxd5 Qxd5 19. f3 Qb5 20. Qb4 Qa6 21. Rac1
e4 22. Be7 Rfe8 23. Bc5 Rab8 24. Qd2 Rbd8 25. Qc2 exf3
26. exf3 Re2 27. Qc3 h6 28. Bf2 Rd3 29. Qc4 Qxc4 30. Rxc4 Bxf3
31. Rc3 Rxc3 32. bxc3 a6 33. h4 Ra2 34. c4 Be4 35. Re1 f5
36. c5 Rxa3 37. Rc1 Bc6 38. Rb1 Rc3 39. Kf1 Bb5+ 40. Ke1 g5
41. hxg5 hxg5 42. Rd1 Kf7 43. Rd6 Rc2 44. Bd4 Ke8 45. Rg6 Re2+
46. Kd1 Re4 47. Bf2 Rg4 48. c6 Rc4 49. Rxg5 Ba4+ 50. Kd2 Rc2+
51. Ke3 Bxc6 1/2-1/2

[Event "Eurasian Blitz Chess Cup"]
[Site "Almaty KAZ"]
[Date "2016.06.18"]
[EventDate "2016.06.18"]
[Round "6.6"]
[Result "1-0"]
[White "Ruslan Ponomariov"]
[Black "Sergey Karjakin"]
[WhiteElo "2706"]
[BlackElo "2774"]
[PlyCount "106"]

1. e4 e5 2. Nf3 Nc6 3. Bc4 Bc5 4. d3 Nf6 5. a4 a6 6. c3 O-O
7. b4 Ba7 8. Bg5 h6 9. Bh4 d6 10. Nbd2 Qe7 11. O-O Be6 12. Re1
Bxc4 13. Nxc4 Qe6 14. b5 Ne7 15. Qb3 Ng6 16. Bg3 Nh5 17. d4
exd4 18. cxd4 Rfe8 19. d5 Qd7 20. b6 Bxb6 21. Nxb6 cxb6
22. Qxb6 Nxg3 23. hxg3 Rac8 24. a5 Rc4 25. Nd4 Ne5 26. Nf5 Rd8
27. Rab1 g6 28. Nd4 Rc7 29. Nf3 Nxf3+ 30. gxf3 Rdc8 31. Kg2 h5
32. Re2 Qd8 33. Reb2 h4 34. Qd4 hxg3 35. Rh1 f6 36. Kxg3 Qe7
37. Rb6 Rc4 38. Qe3 g5 39. Kg2 R8c7 40. Rh3 Qe5 41. Rb1 Rc3
42. Qa7 Qe7 43. Rbh1 Qg7 44. Qb6 g4 45. Rh8+ Qxh8 46. Rxh8+
Kxh8 47. fxg4 Rd7 48. Qd4 Rcc7 49. Qxf6+ Kg8 50. g5 Re7 51. f3
Rcd7 52. Kg3 Rf7 53. Qg6+ Kf8 1-0

[Event "Eurasian Blitz Chess Cup"]
[Site "Almaty KAZ"]
[Date "2016.06.18"]
[EventDate "2016.06.18"]
[Round "7.6"]
[Result "0-1"]
[White "Samy Shoker"]
[Black "Sergey Karjakin"]
[WhiteElo "2489"]
[BlackElo "2774"]
[PlyCount "120"]

1. g3 e5 2. Bg2 d5 3. d3 Nf6 4. Nc3 Be7 5. Nf3 Nc6 6. O-O O-O
7. e3 h6 8. a3 Be6 9. h3 Qd7 10. Kh2 Rad8 11. b4 e4 12. dxe4
Nxe4 13. Ne2 Bf6 14. Rb1 Bf5 15. Bb2 Bxb2 16. Rxb2 Rfe8
17. Ned4 Bh7 18. Nxc6 Qxc6 19. Qd4 b6 20. Ne5 Qf6 21. Nf3 Qe7
22. Rbb1 c5 23. bxc5 bxc5 24. Qb2 Rd6 25. Qb7 Rd7 26. Qa6 Bf5
27. Kg1 Qe6 28. Qxe6 Rxe6 29. Rb8+ Kh7 30. g4 Bg6 31. Rfb1 Nc3
32. R1b7 Rxb7 33. Rxb7 a5 34. Ne1 d4 35. h4 dxe3 36. h5 exf2+
37. Kxf2 Nd1+ 38. Kf1 Ne3+ 39. Kg1 Be4 40. Bxe4+ Rxe4 41. Rxf7
Nxg4 42. Nf3 Nf6 43. Ra7 a4 44. Ra5 Rc4 45. Ne5 Rxc2 46. Rxa4
Nxh5 47. Rc4 Ra2 48. a4 Nf6 49. Nd3 Nd7 50. Nf4 Ne5 51. Rxc5
Rxa4 52. Ne6 Nf3+ 53. Kf2 Nd4 54. Nf8+ Kg8 55. Rc8 Kf7 56. Nd7
Ne6 57. Rc6 Ke7 58. Ne5 Re4 59. Nf3 Rf4 60. Ke2 Rxf3 0-1

[Event "Eurasian Blitz Chess Cup"]
[Site "Almaty KAZ"]
[Date "2016.06.18"]
[EventDate "2016.06.18"]
[Round "8.6"]
[Result "0-1"]
[White "Sergey Karjakin"]
[Black "Samy Shoker"]
[WhiteElo "2774"]
[BlackElo "2489"]
[PlyCount "66"]

1. e4 c5 2. Nf3 g6 3. d4 Bg7 4. d5 d6 5. Be2 Nf6 6. Nc3 O-O
7. O-O Na6 8. Bf4 Nh5 9. Be3 Nc7 10. a4 a6 11. Nd2 Nf6 12. Nc4
Rb8 13. Nb6 Nd7 14. Nxc8 Qxc8 15. a5 b5 16. axb6 Rxb6 17. Ra2
Qb7 18. Bc1 Rb4 19. Bd3 Ne5 20. Re1 Nxd3 21. Qxd3 Nb5 22. Nd1
Rd4 23. Qe2 f5 24. f3 fxe4 25. fxe4 c4 26. c3 Rd3 27. Nf2 Nd4
28. Qg4 Qb3 29. Rxa6 Qc2 30. Rf1 Ne2+ 31. Kh1 Nxc1 32. Qe6+
Kh8 33. Qxe7 Qxf2 0-1

[Event "Eurasian Blitz Chess Cup"]
[Site "Almaty KAZ"]
[Date "2016.06.18"]
[EventDate "2016.06.18"]
[Round "9.10"]
[Result "1-0"]
[White "Sergey Karjakin"]
[Black "David Arutinian"]
[WhiteElo "2774"]
[BlackElo "2527"]
[PlyCount "107"]

1. e4 c6 2. Nf3 d5 3. Nc3 Nf6 4. e5 Ne4 5. d4 Nxc3 6. bxc3 e6
7. Bd3 c5 8. O-O Nc6 9. a4 c4 10. Be2 Bd7 11. Ng5 Be7 12. Nh3
Qa5 13. Qd2 O-O-O 14. Qe3 h6 15. Nf4 Bg5 16. Qg3 Rdg8 17. h4
Be7 18. Nh5 Qd8 19. Qf3 Qf8 20. g3 f5 21. exf6 gxf6 22. Nf4
Qf7 23. a5 a6 24. Ba3 Bd8 25. Bd6 Bxa5 26. Rfb1 Bc7 27. Bxc7
Kxc7 28. h5 Re8 29. Ng6 Rh7 30. Bf1 Bc8 31. Bg2 Rg7 32. Qf4+
e5 33. dxe5 fxe5 34. Qxh6 e4 35. Qg5 Qf5 36. Qh4 Rh7 37. Nf4
Qe5 38. Rd1 d4 39. cxd4 Nxd4 40. Ng6 Qc5 41. Qf4+ Kb6 42. Qe3
Nf3+ 43. Bxf3 Qxe3 44. fxe3 exf3 45. Nf4 Bg4 46. Rd5 Rxe3
47. Rg5 Bd7 48. Nd5+ Ka7 49. Nxe3 Bc6 50. Kf2 Rd7 51. Rd1 Re7
52. h6 a5 53. Rg7 Re5 54. Rh1 1-0

[Event "Eurasian Blitz Chess Cup"]
[Site "Almaty KAZ"]
[Date "2016.06.18"]
[EventDate "2016.06.18"]
[Round "10.10"]
[Result "0-1"]
[White "David Arutinian"]
[Black "Sergey Karjakin"]
[WhiteElo "2527"]
[BlackElo "2774"]
[PlyCount "82"]

1. Nf3 c5 2. c4 Nc6 3. e3 Nf6 4. Nc3 e5 5. d4 e4 6. Ng5 cxd4
7. exd4 Bb4 8. d5 Bxc3+ 9. bxc3 Na5 10. Be2 O-O 11. O-O h6
12. Nh3 d6 13. Nf4 b6 14. Be3 Ba6 15. Bd4 Re8 16. Re1 Bxc4
17. Bxc4 Nxc4 18. f3 exf3 19. Qxf3 Ne5 20. Qg3 Qd7 21. h3 Qf5
22. Rf1 Qg5 23. Qf2 Ne4 24. Qc2 Ng3 25. Rf2 Nf5 26. Raf1 Nxd4
27. cxd4 Nd7 28. Qa4 Nf6 29. Rf3 Re7 30. Qb3 Rae8 31. Rg3 Qh4
32. Qa3 Re1 33. Rf3 Rxf1+ 34. Rxf1 Nxd5 35. Qxd6 Ne3 36. Rf3
Nf5 37. Qc6 Qe1+ 38. Kh2 Nxd4 39. Qc3 Nxf3+ 40. Qxf3 Qe5
41. h4 g5 0-1

[Event "Eurasian Blitz Chess Cup"]
[Site "Almaty KAZ"]
[Date "2016.06.18"]
[EventDate "2016.06.18"]
[Round "13.4"]
[Result "0-1"]
[White "Vladimir Onischuk"]
[Black "Sergey Karjakin"]
[WhiteElo "2613"]
[BlackElo "2774"]
[PlyCount "70"]

1. e4 e5 2. Nf3 Nc6 3. Bc4 Bc5 4. d3 Nf6 5. O-O d6 6. c3 a6
7. Bb3 Ba7 8. Nbd2 O-O 9. h3 Ne7 10. d4 exd4 11. cxd4 d5
12. e5 Ne4 13. Re1 Bf5 14. Bc2 Nxd2 15. Bxd2 Qd7 16. Rc1 c6
17. Bb4 Rfe8 18. Ng5 Ng6 19. Nf3 h6 20. Bd2 Rad8 21. b4 Qe6
22. a4 f6 23. b5 axb5 24. axb5 cxb5 25. Rb1 fxe5 26. dxe5 Rf8
27. Bxf5 Qxf5 28. Rxb5 Nh4 29. Rxb7 Nxf3+ 30. Qxf3 Bxf2+
31. Kh1 Qxf3 32. gxf3 Bxe1 33. Bxe1 Rxf3 34. Kg2 Re3 35. Bg3
d4 0-1

[Event "Eurasian Blitz Chess Cup"]
[Site "Almaty KAZ"]
[Date "2016.06.18"]
[EventDate "2016.06.18"]
[Round "14.4"]
[Result "1-0"]
[White "Sergey Karjakin"]
[Black "Vladimir Onischuk"]
[WhiteElo "2774"]
[BlackElo "2613"]
[PlyCount "101"]

1. e4 d6 2. d4 Nf6 3. Nc3 g6 4. f4 Bg7 5. Bd3 O-O 6. Nf3 Na6
7. O-O c5 8. d5 Bg4 9. Bc4 Rb8 10. h3 Bxf3 11. Qxf3 Nd7
12. Kh2 Nc7 13. a4 a6 14. a5 b5 15. axb6 Rxb6 16. Nd1 e6
17. c3 exd5 18. exd5 f5 19. Re1 Nf6 20. Nf2 Kh8 21. Re2 Qa8
22. Rd2 Re8 23. Rd1 Re7 24. Ra2 Rb8 25. Qd3 a5 26. b3 Ne4
27. Nxe4 Rxe4 28. Re2 Rbe8 29. Rxe4 Rxe4 30. Bd2 Bh6 31. Ra1
Qd8 32. Rxa5 Ne8 33. Ra7 Nf6 34. b4 cxb4 35. cxb4 Qb6 36. Ra8+
Kg7 37. Rc8 Bxf4+ 38. Bxf4 Rxf4 39. Qc3 Kf7 40. Rc6 Qf2
41. Rxd6 Ne4 42. Rd7+ Ke8 43. Qe5+ Kxd7 44. Bb5+ Kd8 45. Qe8+
Kc7 46. Qc6+ Kb8 47. Qe8+ Kc7 48. Qd7+ Kb8 49. Qd8+ Kb7
50. Bc6+ Ka6 51. Qa5# 1-0

[Event "Eurasian Blitz Chess Cup"]
[Site "Almaty KAZ"]
[Date "2016.06.19"]
[EventDate "2016.06.18"]
[Round "17.2"]
[Result "1-0"]
[White "Sergey Karjakin"]
[Black "Farrukh Amonatov"]
[WhiteElo "2774"]
[BlackElo "2614"]
[PlyCount "83"]

1. e4 c5 2. Nf3 d6 3. Bb5+ Bd7 4. c4 g6 5. d4 cxd4 6. Nxd4 Bg7
7. Nc3 Nf6 8. O-O O-O 9. f3 Nc6 10. Be3 a6 11. Bxc6 bxc6
12. c5 Rb8 13. Qe2 a5 14. Rfd1 d5 15. e5 Ne8 16. f4 Nc7
17. Bf2 Ne6 18. Nxe6 Bxe6 19. Qd2 Rb4 20. a3 Rb3 21. Ne2 Bg4
22. Nd4 Bxd1 23. Rxd1 Rb7 24. Nxc6 Qc7 25. Nxa5 Rb5 26. b4 e6
27. Bd4 Ra8 28. Rc1 Bh6 29. h3 Qe7 30. Qf2 g5 31. f5 g4 32. f6
Qc7 33. Qh4 Bf8 34. Qxg4+ Kh8 35. Rc3 Bh6 36. Qh4 Bd2 37. Rd3
Bc1 38. Rg3 Rbxa5 39. Rg7 h6 40. Qg4 Bg5 41. Rxg5 Rxa3 42. Rg7
1-0

[Event "Eurasian Blitz Chess Cup"]
[Site "Almaty KAZ"]
[Date "2016.06.19"]
[EventDate "2016.06.18"]
[Round "18.2"]
[Result "0-1"]
[White "Farrukh Amonatov"]
[Black "Sergey Karjakin"]
[WhiteElo "2614"]
[BlackElo "2774"]
[PlyCount "130"]

1. e4 e5 2. Nf3 Nc6 3. Nc3 Nf6 4. g3 d5 5. exd5 Nxd5 6. Bg2
Nxc3 7. bxc3 Bd6 8. O-O O-O 9. d3 h6 10. Nd2 Re8 11. Rb1 Bc5
12. a4 Bb6 13. Nb3 Na5 14. c4 Nxb3 15. Rxb3 c6 16. Bd2 Qc7
17. Qe1 Bf5 18. a5 Bc5 19. Be3 Bf8 20. Qb1 Qxa5 21. Rxb7 e4
22. d4 Qc3 23. c5 a5 24. Qb3 Qxb3 25. cxb3 Reb8 26. Rc7 Rxb3
27. Rxc6 a4 28. g4 Bxg4 29. Bxe4 a3 30. Rb6 Rxb6 31. cxb6 Ra4
32. b7 Bd6 33. Ra1 Be6 34. Bc6 Rb4 35. d5 Bh3 36. f4 Rb3
37. Ba7 Bxf4 38. b8=Q+ Bxb8 39. Bxb8 Rxb8 40. Rxa3 Bf5 41. Kf2
Rb4 42. Ke3 Re4+ 43. Kf3 Rd4 44. Ke3 Rd1 45. Kf4 g6 46. Ke5
Kg7 47. Kd6 Rd2 48. h3 Kf6 49. Kc7 Rh2 50. d6 Rxh3 51. Ra5 Rd3
52. d7 Ke7 53. Re5+ Be6 54. Re3 Rd6 55. Re2 h5 56. Bb5 h4
57. Re3 h3 58. Re2 g5 59. Bc6 g4 60. Bb5 g3 61. Bc6 g2 62. Re1
Rd4 63. Bb5 h2 64. Re4 Rxd7+ 65. Bxd7 g1=Q 0-1

[Event "Eurasian Blitz Chess Cup"]
[Site "Almaty KAZ"]
[Date "2016.06.19"]
[EventDate "2016.06.18"]
[Round "19.1"]
[Result "1-0"]
[White "Baadur Jobava"]
[Black "Sergey Karjakin"]
[WhiteElo "2669"]
[BlackElo "2774"]
[PlyCount "55"]

1. d4 Nf6 2. c4 e6 3. Nc3 Bb4 4. e3 O-O 5. Bd3 d5 6. cxd5 exd5
7. Ne2 Re8 8. Bd2 b6 9. Rc1 Bf8 10. O-O c5 11. Bb5 Bd7 12. Bd3
Nc6 13. f3 g6 14. Kh1 Rb8 15. Bb1 Rc8 16. Be1 Bh6 17. Bh4 Be6
18. dxc5 Bxe3 19. cxb6 axb6 20. f4 Bg4 21. Bxf6 Qxf6 22. Nxd5
Qh4 23. g3 Qd8 24. Nxe3 Qxd1 25. Nxd1 Bxe2 26. Rf2 Nd4
27. Rxc8 Rxc8 28. Nc3 1-0

[Event "Eurasian Blitz Chess Cup"]
[Site "Almaty KAZ"]
[Date "2016.06.19"]
[EventDate "2016.06.18"]
[Round "20.1"]
[Result "1-0"]
[White "Sergey Karjakin"]
[Black "Baadur Jobava"]
[WhiteElo "2774"]
[BlackElo "2669"]
[PlyCount "101"]

1. d4 Nf6 2. c4 e6 3. Nf3 Bb4+ 4. Nbd2 b6 5. a3 Bxd2+ 6. Qxd2
O-O 7. e3 a5 8. b3 d5 9. Bb2 Ba6 10. Rc1 Nbd7 11. Be2 a4
12. b4 Bxc4 13. Bxc4 dxc4 14. Rxc4 b5 15. Rc2 Nb6 16. Qe2 Nc4
17. O-O Ne4 18. Ne5 Ned6 19. Nd3 Qg5 20. e4 Rad8 21. Bc1 Qe7
22. Rc3 Nc8 23. Ne5 Nxe5 24. dxe5 Qd7 25. Bg5 f6 26. exf6 gxf6
27. Bh6 Rf7 28. Qh5 Ne7 29. Rfc1 Ng6 30. h3 Rc8 31. Rd1 Qe8
32. Rcd3 Ne5 33. Rg3+ Kh8 34. f4 Nc4 35. Rdd3 Nd6 36. e5 Nf5
37. Rg4 fxe5 38. fxe5 Ne3 39. Rxe3 Rf1+ 40. Kxf1 Qxh5 41. Bg7+
Kg8 42. Bf6+ Kf8 43. Reg3 Ke8 44. Rg8+ Kd7 45. R3g7+ Kc6
46. Rxc8 Qd1+ 47. Kf2 Qd4+ 48. Kg3 Qc3+ 49. Kh2 Qxa3
50. Rcxc7+ Kd5 51. Rg4 1-0

[Event "Eurasian Blitz Chess Cup"]
[Site "Almaty KAZ"]
[Date "2016.06.19"]
[EventDate "2016.06.18"]
[Round "21.2"]
[Result "0-1"]
[White "Sergey Karjakin"]
[Black "Peter Svidler"]
[WhiteElo "2774"]
[BlackElo "2759"]
[PlyCount "80"]

1. e4 c5 2. Nf3 e6 3. d4 cxd4 4. Nxd4 a6 5. c4 Nf6 6. Nc3 Bb4
7. Qd3 d6 8. Be2 Nbd7 9. f3 Ne5 10. Qc2 O-O 11. a3 Bc5 12. Nb3
Ba7 13. Bg5 h6 14. Bh4 Ng6 15. Bg3 Nh5 16. Bf2 Bxf2+ 17. Kxf2
b5 18. Rhd1 Qb6+ 19. Kf1 Nhf4 20. cxb5 Nxe2 21. Qxe2 axb5
22. Qf2 Qb8 23. Kg1 b4 24. axb4 Rxa1 25. Rxa1 Qxb4 26. Nc1 Nf4
27. Ra4 Qb8 28. Qd2 e5 29. N1e2 Qb6+ 30. Kf1 Ba6 31. Ra1 Rc8
32. Nd5 Nxd5 33. exd5 Rc5 34. g3 Rb5 35. Rb1 Rb3 36. Kg2 Bd3
37. Re1 Bg6 38. Rd1 Rxb2 39. Qe1 Qe3 40. Kf1 Bd3 0-1

[Event "Eurasian Blitz Chess Cup"]
[Site "Almaty KAZ"]
[Date "2016.06.19"]
[EventDate "2016.06.18"]
[Round "22.2"]
[Result "1/2-1/2"]
[White "Peter Svidler"]
[Black "Sergey Karjakin"]
[WhiteElo "2759"]
[BlackElo "2774"]
[PlyCount "48"]

1. Nf3 Nf6 2. c4 c5 3. g3 Nc6 4. Bg2 d5 5. cxd5 Nxd5 6. Nc3
Nc7 7. a3 g6 8. d3 Bg7 9. Be3 Ne6 10. h4 h6 11. O-O Bd7
12. Ne4 b6 13. b4 cxb4 14. d4 f5 15. Ned2 Nc7 16. Bf4 Nd5
17. Ne5 Bxe5 18. Bxe5 Nxe5 19. Bxd5 Bc6 20. Bxc6+ Nxc6
21. axb4 Qd5 22. Nf3 O-O 23. Qa4 Nxd4 24. Nxd4 Qxd4 1/2-1/2

[Event "Bilbao"]
[Site "Bilbao ESP"]
[Date "2016.07.14"]
[EventDate "2016.07.13"]
[Round "2.3"]
[Result "1/2-1/2"]
[White "Sergey Karjakin"]
[Black "Anish Giri"]
[WhiteElo "2773"]
[BlackElo "2785"]
[PlyCount "165"]

1. e4 e5 2. Nf3 Nc6 3. Bc4 Bc5 4. O-O Nf6 5. d3 O-O 6. c3 d5
7. exd5 Nxd5 8. a4 a6 9. a5 b5 10. axb6 Nxb6 11. Bb3 Bg4
12. Qe2 Kh8 13. Be3 Bd6 14. h3 Bh5 15. g4 Bg6 16. Nbd2 Be7
17. Ne4 f5 18. gxf5 Bxf5 19. Kh2 Qe8 20. Nfd2 Qd7 21. Rg1 Bxh3
22. Qh5 Bf5 23. Rxg7 Kxg7 24. Rg1+ Kh8 25. Qh6 Bd6 26. Bxb6
Bxe4 27. Nxe4 cxb6 28. Rg6 Na5 29. Rxd6 Qg7 30. Qxg7+ Kxg7
31. Rd7+ Kh8 32. Be6 h6 33. b4 Nc6 34. Bd5 Rac8 35. Rb7 b5
36. Kh3 Rf4 37. Kg2 Rg4+ 38. Kf1 Rg7 39. Rb6 Ne7 40. Rxh6+ Rh7
41. Rd6 Nxd5 42. Rxd5 Re7 43. Rd6 Ra8 44. Kg2 Rf7 45. Kf1 Re7
46. Ke2 a5 47. bxa5 Rxa5 48. Rb6 Rc7 49. Ke3 Kg8 50. Re6 b4
51. cxb4 Rb5 52. Nc5 Ra7 53. Rxe5 Rxb4 54. Ne4 Kf7 55. f4 Ra1
56. f5 Re1+ 57. Kd2 Rf1 58. Nd6+ Kf8 59. Re8+ Kg7 60. Re6 Rbf4
61. f6+ Kg6 62. f7+ Kg7 63. Re8 Rf6 64. Rg8+ Kh7 65. Rd8 Kg7
66. Ke2 R6f2+ 67. Ke3 Rxf7 68. Nxf7 Kxf7 69. Rd4 Ke6 70. Rf4
Rxf4 71. Kxf4 Kd5 72. Ke3 Ke5 73. d4+ Kd5 74. Kd3 Kd6 75. Kc4
Kc6 76. d5+ Kd6 77. Kd4 Kd7 78. Ke5 Ke7 79. d6+ Kd7 80. Kd5
Kd8 81. Ke6 Ke8 82. d7+ Kd8 83. Kd6 1/2-1/2

[Event "Bilbao"]
[Site "Bilbao ESP"]
[Date "2016.07.20"]
[EventDate "2016.07.13"]
[Round "7"]
[Result "1/2-1/2"]
[White "Anish Giri"]
[Black "Sergey Karjakin"]
[WhiteElo "2785"]
[BlackElo "2773"]
[PlyCount "85"]

1. d4 Nf6 2. c4 e6 3. g3 Bb4+ 4. Bd2 Be7 5. Bg2 d5 6. Nf3 O-O
7. O-O c6 8. Qc2 Nbd7 9. Bf4 b6 10. cxd5 cxd5 11. Rc1 Bb7
12. Qb3 Rc8 13. Rxc8 Qxc8 14. Nc3 Nh5 15. Bg5 Bxg5 16. Nxg5
Qb8 17. e3 Nhf6 18. Bf1 Rc8 19. a4 h6 20. Nf3 Ne4 21. a5 Bc6
22. Ba6 bxa5 23. Qc2 Bb7 24. Rxa5 Bxa6 25. Rxa6 Rc7 26. Kg2
Qb4 27. Ra4 Qb7 28. Ra3 Nb6 29. Ne5 Nc4 30. Nxc4 Rxc4 31. Qe2
Nxc3 32. bxc3 Qe7 33. Qa2 Rc7 34. Ra5 g6 35. h4 h5 36. Qa3
Qxa3 37. Rxa3 a5 38. Rxa5 Rxc3 39. Ra8+ Kg7 40. Ra5 Kg8
41. Ra8+ Kg7 42. Ra5 Kg8 43. Ra8+ 1/2-1/2